| 000 | 00987cam a22003013a 4500 | ||
|---|---|---|---|
| 001 | 10717 | ||
| 003 | PGUSA | ||
| 005 | 20140828083228.0 | ||
| 008 | 040101s2004||||xxu|||||s|||||000 p eng d | ||
| 040 |
_aPGUSA _beng |
||
| 042 | _adc | ||
| 050 | 4 | _aPA | |
| 100 | 1 |
_aPindar, _d-522--446 |
|
| 245 | 1 | 4 |
_aThe Extant Odes of Pindar : _bTranslated with Introduction and Short Notes by Ernest Myers _h[electronic resource] / _cPindar |
| 260 |
_bProject Gutenberg, _c2004 |
||
| 506 | _aPublic domain in the USA. | ||
| 516 | _aElectronic text | ||
| 653 | _aAthletics -- Greece -- Poetry | ||
| 653 | _aGames -- Greece -- Poetry | ||
| 653 | _aOlympic games (Ancient) -- Poetry | ||
| 653 | _aMythology, Greek -- Poetry | ||
| 653 | _aPindar -- Translations into English | ||
| 653 | _aLaudatory poetry, Greek -- Translations into English | ||
| 700 | 1 |
_aMyers, Ernest, _d1844-1921 |
|
| 830 | 0 |
_aProject Gutenberg _v10717 |
|
| 856 | 4 | 0 | _uhttp://www.gutenberg.org/ebooks/10717 |
| 942 | _cEB | ||
| 999 |
_c239972 _d239972 |
||